| 000 | 00466nam a2200169Ia 4500 | ||
|---|---|---|---|
| 008 | 240729s9999 xx 000 0 und d | ||
| 022 | _a2227-4081 | ||
| 245 | 0 | _aMustansiriya Medical Journal | |
| 260 | _aIndia | ||
| 260 | _bWolters Kluwer Medknow Publications | ||
| 650 | _a Medicine (General) | ||
| 650 | _a Pediatrics | Medicine | ||
| 650 | _aMedicine | ||
| 856 | _uhttps://doaj.org/toc/6f8de994bdb84c76a1e7177c0e46fd49 | ||
| 942 | _2ddc | ||
| 942 | _cDOAJEJ | ||
| 999 |
_c74624 _d74624 |
||
| 945 |
_a1 _bMadushi Gamage _c1 _dMadushi Gamage |
||